| 000 | 00969nam0a2200289 4500 | ||
|---|---|---|---|
| 001 | RU\NLR\bibl\1436748 | ||
| 005 | 20260406122949.0 | ||
| 010 |
_a978-5-17-018597-9 _bАСТ |
||
| 010 |
_a978-5-403-01972-9 _910000 _bАСТ МОСКВА |
||
| 021 |
_aRU _b2009-74969 _94674 |
||
| 035 | _a(NLR Aleph) 001428627 | ||
| 090 |
_a1388405 _c1388405 |
||
| 100 | _a20091110d2009 |||y0rusy50 ca | ||
| 101 | 1 |
_arus _ceng |
|
| 102 | _aRU | ||
| 105 | _ay ||||||||| | ||
| 200 | 1 |
_aПамять любви _e[роман] _fБертрис Смолл _g[пер. с англ. Т.А. Перцевой] |
|
| 210 |
_aМосква _cАСТ _cАСТ МОСКВА _d2009 |
||
| 215 |
_a318, [1] с. _d21 |
||
| 225 | 1 | _aШарм | |
| 686 | _aШ6(7США)67-440.4{Лх1979-50} | ||
| 700 | 1 |
_4070 _7ca _8rus _aСмолл _bБ. _f1937-2015 _gБертрис _3RU\NLR\AUTH\77816 _9110856 |
|
| 801 | 0 |
_aRU _bNLR _c20091110 _gRCR |
|
| 801 | 1 |
_aRU _bNLR _c20091110 |
|
| 942 | _cBOOK | ||
| 980 | _aNB | ||